Statistics for Top Ten African Countries by Water Area

Click here to take the quiz!

General Stats

  • This quiz has been taken 18 times
  • The average score is 8 of 10

Answer Stats

Water (Sq. miles)Answer% Correct
30,040Democratic Republic of the Congo
94%
23,700Tanzania
94%
16,965Uganda
89%
9,600Chad
83%
40,300Ethiopia
83%
9,422Malawi
83%
7,723Mali
83%
5,800Botswana
72%
5,810Liberia
67%
6,400Eritrea
56%

Score Distribution

Percentile by Number Answered

Percent of People with Each Score

Your Score History

You have not taken this quiz